| 000 | 01207cam a22003374a 4500 | ||
|---|---|---|---|
| 001 | 13992683 | ||
| 003 | OSt | ||
| 005 | 20230619100309.0 | ||
| 008 | 050606s2006 njua b 011 0 eng | ||
| 010 | _a 2005050732 | ||
| 035 | _a(OCoLC)ocm60664460 | ||
| 040 |
_aDLC _cDLC _dYDX _dBAKER _dDLC |
||
| 042 | _apcc | ||
| 082 | 0 | 0 |
_a158.7 _bSCH |
| 100 | _cEdgar H. Schein | ||
| 245 | 0 | 0 | _aOrganizational psychology : |
| 260 |
_aMahwah, N.J. : _bLawrence Erlbaum Associates, _c2006. |
||
| 300 | _a135p | ||
| 504 | _aIncludes bibliographical references and indexes. | ||
| 600 | 1 | 0 | _aRosnow, Ralph L. |
| 650 | 0 | _aSocial psychology. | |
| 650 | 0 | _aOrganizational behavior. | |
| 650 | 0 |
_aPsychology _xResearch. |
|
| 700 | 1 | _aRosnow, Ralph L. | |
| 700 | 1 | _aHantula, Donald A. | |
| 856 | 4 | 1 |
_3Table of contents only _uhttp://www.loc.gov/catdir/enhancements/fy0629/2005050732-t.html |
| 856 | 4 | 2 |
_3Publisher description _uhttp://www.loc.gov/catdir/enhancements/fy0704/2005050732-d.html |
| 906 |
_a7 _bcbc _corignew _d1 _eocip _f20 _gy-gencatlg |
||
| 942 |
_2ddc _cBK |
||
| 999 |
_c1183 _d1183 |
||